Представление документа в формате MARC21

Поле Инд. ПП Название Значение
Тип записи a
Библиографический уровень a
001 Контрольный номер RU/IS/BASE/467898864
005 Дата корректировки 20141029115424.7
020 a ISBN 5-7609-0262-8
040 a Служба первич. каталог. НБ ТвГУ
b Код языка каталог. rus
e Правила каталог. PSBO
041 0_ a Код языка текста rus
100 1_ a Автор Четырина Наталья Аркадьевна
q Полное имя Четырина Н. А.
245 10 a Заглавие Посад Погорелое Городище Тверской губернии в XVIII - первой половине XIX века
b Продолж. заглавия исторический очерк
260 a Место издания Тверь
b Издательство Тверской государственный университет
c Дата издания 2004
504 a Библиография Библиогр. в примеч.: с. 212-213 (14 назв.)
520 a Аннотация Сохранившиеся сведения о Погорелом Городище фрагментарны, данные за разные годы не всегда сопоставимы. И все же они позволяю ликвидировать некоторые белые пятна в истории этого поселения.
653 a Ключевые слова 18-19 вв.
a Ключевые слова Городские поселения
a Ключевые слова Деревянные постройки
a Ключевые слова Каменные постройки
a Ключевые слова Кафедра истории
a Ключевые слова Купечество
a Ключевые слова Мелкотоварное производство
a Ключевые слова Мещанство
a Ключевые слова Население посада
a Ключевые слова Погорелое Городище
a Ключевые слова Посад Погорелое Городище
a Ключевые слова Ратуша
a Ключевые слова Ремесло
a Ключевые слова Тверская губерния
773 08 w Контрольный № источника 02643008-9786-4b24-83e5-342d04bd3c03
t Название источника Социально-политическая история России
d Место и дата издания Тверь : Тверской государственный университет, 2004
g Прочая информация С. 207-213
901 t Тип документа a
920 a Оператор Батя